Billboard Number One Hits of the 2000s - Statistics

General Stats
  • This quiz has been taken 219 times
  • The average score is 79 of 129
Answer Stats
Answer % Correct
Live Your Life T.I. ft Rihanna
98%
Crazy In Love Beyonce ft Jay-Z
97%
Baby Boy Beyonce ft Sean Paul
97%
Irreplaceable | Single Ladies (Put A Ring On It) Beyonce
96%
Check On It Beyonce ft Slim Thug
96%
My Love Justin Timberlake ft T.I.
96%
Umbrella Rihanna ft Jay-Z
96%
Poker Face Lady Gaga
95%
Disturbia | SOS | Take A Bow Rihanna
95%
Crack A Bottle Eminem ft Dr Dre & 50 Cent
93%
I Kissed A Girl Katy Perry
93%
Hips Don't Lie Shakira ft Wyclef Jean
92%
Boom Boom Pow | I Gotta Feeling Black Eyed Peas
89%
Lose Yourself Eminem
89%
Empire State Of Mind Jay-Z ft Alicia Keys
89%
Stronger Kanye West
88%
In Da Club 50 Cent
87%
Grillz Nelly ft Paul Wall, Ali & Gipp
87%
Hey Ya! | Ms Jackson Outkast
87%
My Boo Usher & Alicia Keys
87%
Yeah! Usher ft Lil Jon & Ludacris
86%
Viva La Vida Coldplay
85%
Burn | Confessions Part II | U Got It Bad | U Remind Me Usher
85%
Love In This Club Usher ft Young Jeezy
85%
21 Questions 50 Cent ft Nate Dogg
84%
Candy Shop 50 Cent ft Olivia
84%
SexyBack | What Goes Around... Comes Around Justin Timberlake
84%
Just Dance Lady Gaga ft Colby O'Donis
83%
Lady Marmalade Christina Aguilera, Lil' Kim, Mya & P!nk
82%
Hot In Herre Nelly
82%
Dilemma Nelly ft Kelly Rowland
82%
Shake Ya Tailfeather Nelly, P.Diddy & Murphy Lee
82%
Bootylicious | Independent Women Pt 1 | Say My Name Destiny's Child
80%
Glamorous Fergie ft Ludacris
80%
The Way You Move Outkast ft Sleepy Brown
80%
3 | Womanizer Britney Spears
79%
Fallin' | No One Alicia Keys
75%
Come On Over Baby (All I Want Is You) | What A Girl Wants Christina Aguilera
75%
Low Flo Rida ft T-Pain
75%
Hollaback Girl Gwen Stefani
75%
So What P!nk
75%
Big Girls Don't Cry | London Bridge Fergie
74%
Give It To Me Timbaland ft Nelly Furtado & Justin Timberlake
74%
Crank That (Soulja Boy) Soulja Boy
73%
I Wanna Love You Akon ft Snoop Dogg
72%
Whatever You Like T.I.
72%
Drop It Like It's Hot Snoop Dogg ft Pharrell Williams
71%
Slow Jamz Twista ft Kanye West & Jamie Foxx
71%
Don't Forget About Us | Touch My Body | We Belong Together Mariah Carey
70%
Right Round Flo Rida
69%
Gold Digger Kanye West ft Jamie Foxx
69%
Say It Right Nelly Furtado
67%
Angel Shaggy ft Rayvon
67%
It Wasn't Me Shaggy ft Rikrok
67%
A Moment Like This | My Life Would Suck Without You Kelly Clarkson
65%
Promiscuous Nelly Furtado ft Timbaland
65%
Fireflies Owl City
65%
Girlfriend Avril Lavigne
64%
How You Remind Me Nickelback
63%
Get Busy | Temperature Sean Paul
58%
Whatcha Say Jason Derulo
55%
It's Gonna Be Me N'Sync
55%
Beautiful Girls Sean Kingston
55%
Kiss Kiss Chris Brown ft T-Pain
54%
You're Beautiful James Blunt
53%
Down Jay Sean ft Lil Wayne
53%
Bleeding Love Leona Lewis
53%
Hey There Delilah Plain White T's
53%
Maria Maria Santana ft The Product G&B
52%
Music Madonna
51%
Family Affair Mary J Blige
48%
Lollipop Lil Wayne ft Static Major
47%
Bad Day Daniel Powter
46%
So Sick Ne-Yo
44%
Run It! Chris Brown ft Juelz Santana
43%
Thank God I Found You Mariah Carey ft Joe & 98 Degrees
43%
Don't Matter Akon
37%
Ain't It Funny | I'm Real Jennifer Lopez ft Ja Rule
37%
Buy U A Drank (Shawty Snappin') T-Pain ft Yung Joc
37%
Always On Time Ja Rule ft Ashanti
36%
Goodies Ciara ft Petey Pablo
35%
Foolish Ashanti
34%
All I Have Jennifer Lopez ft LL Cool J
33%
Money Maker Ludacris ft Pharrell Williams
33%
Makes Me Wonder Maroon 5
33%
With Arms Wide Open Creed
30%
All For You | Doesn't Really Matter Janet Jackson
29%
Stand Up Ludacris ft Shawnna
29%
Ridin' Chamillionaire ft Krayzie Bone
26%
Try Again Aaliyah
25%
I Knew I Loved You Savage Garden
21%
Butterfly CrazyTown
20%
Amazed Lonestar
20%
Stutter Joe ft Mystikal
19%
Bent Matchbox Twenty
18%
Bump Bump Bump B2K ft P.Diddy
16%
Inside Your Heaven Carrie Underwood
15%
Be With You Enrique Iglesias
13%
Laffy Taffy D4L
11%
Lean Back Terror Squad
11%
Incomplete Sisqo
10%
Everything You Want Vertical Horizon
10%
Slow Motion Juvenile ft Soulja Slim
9%
This Is Why I'm Hot Mims
9%
Do I Make You Proud Taylor Hicks
9%
I Believe Fantasia
7%
This Is The Night Clay Aiken
6%
Let Me Love You Mario Winans
3%
No matching quizzes found
Score Distribution
Percent of People with Each Score
Percentile by Number Answered
Your Score History
You have not taken this quiz